A II. világháború közelről Bozsik Béla visszaemlékezése /

Elmentve itt :
Bibliográfiai részletek
Szerző: Szabó Sándor
Testületi szerző: Kárpát-medencei fiatal magyar történészek tábora (5.)
Dokumentumtípus: Könyv része
Megjelent: 2017
Sorozat:Kárpát-medencei fiatal magyar történészek tábora : absztraktkötet
Kulcsszavak:Világháború - 2. - visszaemlékezés - előadáskivonatok, Hadifogság - magyar - Szovjetunió - 1945-1948 - visszaemlékezés - előadáskivonatok, Bozsik Béla - előadáskivonatok
Tárgyszavak:
Online Access:http://acta.bibl.u-szeged.hu/72945
LEADER 01066naa a2200217 i 4500
001 acta72945
005 20230322152306.0
008 210707s2017 hu o 1|| hun d
020 |a 978-615-5372-78-0 
040 |a SZTE Egyetemi Kiadványok Repozitórium  |b hun 
041 |a hun 
100 1 |a Szabó Sándor 
245 1 2 |a A II. világháború közelről   |h [elektronikus dokumentum] :  |b Bozsik Béla visszaemlékezése /  |c  Szabó Sándor 
260 |c 2017 
300 |a 55-57 
490 0 |a Kárpát-medencei fiatal magyar történészek tábora : absztraktkötet 
650 4 |a Bölcsészettudományok 
650 4 |a Történettudomány és régészet 
695 |a Világháború - 2. - visszaemlékezés - előadáskivonatok, Hadifogság - magyar - Szovjetunió - 1945-1948 - visszaemlékezés - előadáskivonatok, Bozsik Béla - előadáskivonatok 
711 |a Kárpát-medencei fiatal magyar történészek tábora (5.)  |c Ópusztaszer  |d 2017 
856 4 0 |u http://acta.bibl.u-szeged.hu/72945/1/05_karpat_medencei_fiatal_magyar_torteneszek_tabora_055-057.pdf  |z Dokumentum-elérés